000 00585nam a22001817a 4500
003 AM-YeHGA
005 20250617154323.0
008 180724s ||||| |||| 00| 0 rus d
040 _aAM-YeHGA
041 0 _arus
100 1 _aПрохоров, Николай Николаевич
245 1 0 _aКомендант брянских лесов :
_bИз партизанских былей /
_cН. Прохоров
260 _aКурск :
_bКн. изд-во,
_c1954.
300 _a150 с.
653 0 _aРусская литература
942 _2udc
_cBK
090 _c411666
999 _c409379
_d409379